| 000 | 00000nam 2200000zi 4500 |
| 001 | 9.867939 |
| 003 | CaOODSP |
| 005 | 20251103145412 |
| 006 | m o d f |
| 007 | cr ||||||||||| |
| 008 | 190201s2018 onca #o f000 0 fre d |
| 040 | |aCaOODSP|bfre|erda|cCaOODSP |
| 043 | |an-cn--- |
| 086 | 1 |aD96-11/2018F-PDF |
| 245 | 00|aRapport conjoint sur les outils de piratage publiquement accessibles / |cCentre canadien pour la cybersécurité. |
| 264 | 1|a[Ottawa] : |bCentre de la sécurité des télécommunications = Communications Security Establishment, |c[2018]. |
| 300 | |a1 ressource en ligne (18 pages) : |billustrations en couleur |
| 336 | |atexte|btxt|2rdacontent/fre |
| 337 | |ainformatique|bc|2rdamedia/fre |
| 338 | |aressource en ligne|bcr|2rdacarrier/fre |
| 500 | |a« Le présent rapport est le fruit de recherches menées en collaboration par les responsables de la cybersécurité des cinq États : l'Australie, le Canada, la Nouvelle-Zélande, le Royaume-Uni et les États-Unis. »--page 3. |
| 500 | |a« Non classifié. » |
| 500 | |aPublié aussi en anglais sous le titre : Joint report on publicly available hacking tools. |
| 504 | |aComprend des références de lien hypertexte. |
| 520 | 2 |a« Les outils ici présentés se classent en cinq catégories : chevaux de Troie d’accès à distance (RAT pour Remote Access Trojan); scripts WebShell; voleurs d'identifiants; mouvements latéraux; et obfuscation de commande et contrôle (C2). Pour chacun des outils, le rapport propose un aperçu des menaces possibles, puis indique le lieu et le moment où ces outils ont été employés par des auteurs malveillants. Sont également décrites les mesures favorisant la détection et réduisant l'incidence de chacun des outils.En fin de rapport sont présentés tout un éventail de conseils généraux ayant pour objet d'améliorer les pratiques de défense des réseaux. » -- Structure du rapport, pages 3-4. |
| 530 | |aÉgalement disponible en format HTML. |
| 692 | 07|2gccst|aSécurité informatique |
| 710 | 2 |aCentre de la sécurité des télécommunications (Canada) |
| 710 | 2 |aCentre canadien pour la cybersécurité. |
| 775 | 08|tJoint report on publicly available hacking tools / |w(CaOODSP)9.867936 |
| 856 | 40|qPDF|s838 Ko|uhttps://publications.gc.ca/collections/collection_2019/cstc-csec/D96-11-2018-fra.pdf |
| 856 | 40|qHTML|sS.O.|uhttps://www.cyber.gc.ca/fr/orientation/rapport-conjoint-sur-les-outils-de-piratage-publiquement-accessibles |